Trump vs. Harris #3 - Statistics

General Stats
  • This quiz has been taken 2,431 times
    2,271 since last reset
  • The average score is 12 of 50
Answers on the Grid
Answers color-coded by a green-red scale on the quiz's grid according to % correct below.
Trump
Harris
Trump
Harris
Trump
Harris
Trump
Harris
Trump
Harris
Trump
Harris
Trump
Harris
Trump
Harris
Trump
Harris
Trump
Harris
Trump
Harris
Trump
Harris
Trump
Harris
Trump
Harris
Trump
Harris
Trump
Harris
Trump
Harris
Trump
Harris
Trump
Harris
Trump
Harris
Trump
Harris
Trump
Harris
Trump
Harris
Trump
Harris
Trump
Harris
Trump
Harris
Trump
 
Answer Stats
Answer % Correct
Trump
31%
Harris
29%
Harris
28%
Trump
28%
Trump
28%
Trump
28%
Trump
28%
Trump
28%
Harris
27%
Harris
26%
Harris
26%
Harris
26%
Harris
26%
Trump
26%
Trump
26%
Trump
26%
Trump
26%
Trump
26%
Trump
26%
Trump
26%
Trump
26%
Trump
26%
Harris
25%
Harris
25%
Trump
25%
Trump
25%
Trump
25%
Trump
25%
Trump
25%
Trump
25%
Trump
25%
Harris
24%
Harris
24%
Harris
24%
Trump
24%
Harris
23%
Harris
23%
Harris
23%
Harris
23%
Harris
23%
Harris
23%
Harris
23%
Harris
23%
Trump
23%
Harris
22%
Trump
22%
Harris
21%
Harris
21%
Harris
20%
Harris
20%
No matching quizzes found
Score Distribution
Percent of People with Each Score
Percentile by Number Answered
Your Score History
You have not taken this quiz since the last reset